Algorithmic and Geometric Aspects of Cluster Analysis

Salvato in:
Dettagli Bibliografici
Autore principale: Křivánek, Mirko
Natura: Libro
Lingua:inglese
Pubblicazione: Praha Academia 1991
Edizione:1. vyd.
Serie:Rozpravy ČSAV
Soggetti:
Tags: Aggiungi Tag
Nessun Tag, puoi essere il primo ad aggiungerne!!

MARC

LEADER 00000nam a2200000 4500
001 c001729
005 20240417120106.1
020 |a 80-200-0408-4 
041 0 |a eng 
044 |a CZ 
245 1 0 |a Algorithmic and Geometric Aspects of Cluster Analysis  |c Mirko Křivánek 
250 |a 1. vyd. 
264 1 |a Praha  |b Academia  |c 1991 
300 |a 152 s. 
490 1 |a Rozpravy ČSAV 
830 0 |a Rozpravy ČSAV 
610 2 0 |a analýza zhluková 
610 2 0 |a algoritmy 
610 2 0 |a metódy matematické 
100 1 |a Křivánek, Mirko